00286nam a2200109Ia 4500008004100000082001800041100001800059245004800077260003700125300000600162650000800168191201s2007 xx 000 0 und d a658.562bTUQ- aTULSIAN, P.C. 0aQuantitative Techniques Theory and Problems aN.DelhibPearson Educationc2007 a- aMBA